Schnelles Tippen von A bis Z rückwärts - Statistiken

Allgemein
  • Dieses Quiz wurde 568 mal gespielt
  • Das Durchschnittsergebnis liegt bei 8 aus 26
Antwortstatistiken
Brief % Korrekt
Z
98%
Y
91%
X
89%
W
80%
V
75%
U
65%
T
54%
S
49%
R
42%
Q
29%
P
20%
O
17%
N
14%
M
13%
A
11%
L
9%
B
8%
D
8%
E
8%
K
8%
C
7%
F
7%
G
7%
J
7%
H
6%
I
6%
Keine übereinstimmenden Quizze gefunden
Verteilung der Resultate
Anzahl Personen mit jedem Resultat
Perzentil nach korrekt beantworteten Fragen
Ihre Resultats-Entwicklung
Sie haben dieses Quiz noch nicht gespielt